Designing object-oriented software / (Record no. 176563)

000 -LEADER
fixed length control field 00660 a2200217 4500
003 - CONTROL NUMBER IDENTIFIER
control field Nust
005 - DATE AND TIME OF LATEST TRANSACTION
control field 20170207152528.0
010 ## - LIBRARY OF CONGRESS CONTROL NUMBER
LC control number 90007378
020 ## - INTERNATIONAL STANDARD BOOK NUMBER
International Standard Book Number 0136298257
040 ## - CATALOGING SOURCE
Transcribing agency Nust
082 00 - DEWEY DECIMAL CLASSIFICATION NUMBER
Classification number 005.1
100 2# - MAIN ENTRY--PERSONAL NAME
Personal name Wirfs-Brock, Rebecca.
245 10 - TITLE STATEMENT
Title Designing object-oriented software /
Statement of responsibility, etc. Rebecca Wirfs-Brock, Brian Wilkerson, Lauren Wiener.
260 ## - PUBLICATION, DISTRIBUTION, ETC.
Place of publication, distribution, etc. Englewood Cliffs, N.J. :
Name of publisher, distributor, etc. Prentice Hall,
Date of publication, distribution, etc. c1990.
300 ## - PHYSICAL DESCRIPTION
Extent xix, 341 p. :
Other physical details ill. ;
Dimensions 24 cm.
500 ## - GENERAL NOTE
General note Includes index.
650 #0 - SUBJECT ADDED ENTRY--TOPICAL TERM
Topical term or geographic name entry element Computer software
General subdivision Development.
650 #0 - SUBJECT ADDED ENTRY--TOPICAL TERM
Topical term or geographic name entry element Object-oriented programming (Computer science)
700 1# - ADDED ENTRY--PERSONAL NAME
Personal name Wiener, Lauren.
700 1# - ADDED ENTRY--PERSONAL NAME
Personal name Wilkerson, Brian.
942 ## - ADDED ENTRY ELEMENTS (KOHA)
Source of classification or shelving scheme
Koha item type Book
Holdings
Withdrawn status Lost status Source of classification or shelving scheme Damaged status Not for loan Collection code Permanent Location Current Location Date acquired Total Checkouts Full call number Barcode Date last seen Price effective from Koha item type
            Military College of Signals (MCS) Military College of Signals (MCS) 12/12/2016   005.1 WIR MCS30280 12/08/2016 12/12/2016 Book
© 2023 Central Library, National University of Sciences and Technology. All Rights Reserved.